Guía para el cultivo y aprovechamiento del Chachafruto o Balú : (Registro nro. 4218)
[ vista simple ]
| 000 -CABECERA | |
|---|---|
| Campo de control | 01127cam a2200277 i 4500 |
| 005 - FECHA Y HORA DE LA ULTIMA TRANSACCION | |
| Campo de control | 20160217160336.0 |
| 008 - ELEMENTOS DE LONGITUD FIJA—INFORMACION GENERAL | |
| Campo de control | 021129s1996 ck ado r 00 00spa d |
| 015 ## - NATIONAL BIBLIOGRAPHY NUMBER | |
| National bibliography number | SSS |
| 020 ## - ISBN | |
| ISBN | 9589206840 |
| 040 ## - FUENTE DE CATALOGACIÓN | |
| Agencia catalogadora original | CO-BoPUJ |
| Agencia transcriptora | CO-BoIAVH |
| 041 0# - IDIOMA | |
| Código de idioma para texto/pista de sonido o título separado | Español |
| 082 04 - NUMERO DE CLASIFICACION DECIMAL DEWEY | |
| Número de clasificación | 633.39 |
| Número del ítem | A17g |
| 100 1# - ASIENTO PRINCIPAL--NOMBRE PERSONAL | |
| Nombre personal | Acero Duarte, Luis Enrique |
| Fechas asociadas con el nombre | 1952- |
| 9 (RLIN) | 60713 |
| 245 10 - MENCION DE TITULO | |
| Título | Guía para el cultivo y aprovechamiento del Chachafruto o Balú : |
| Parte restante del título | Erythrina edulis Triana ex Micheli |
| Mención de responsabilidad | Luis Enrique Acero Duarte ; editado por Henry Yesid Bernal y Mabel Farfán Martínez |
| 260 ## - PUBLICACION, DISTRIBUCION, ETC. (PIE DE IMPRENTA) | |
| Lugar de publicación, distribución, etc. | Bogotá : |
| Nombre del editor, distribuidor, etc. | Convenio Andrés Bello, |
| Fecha de publicación, distribución, etc. | 1996. |
| 300 ## - DESCRIPCION FISICA | |
| Extensión | 50 páginas : |
| Otros detalles físicos | ilustraciones y fotos ; |
| Dimensiones | 28 cm. |
| 490 00 - MENCION DE SERIE | |
| Mención de serie | Serie ciencia y tecnología ; |
| Designación numérica/secuencial del volumen | 60 |
| 504 ## - NOTA DE BIBLIOGRAFIA, ETC. | |
| Nota de bibliografía | Incluye referencias bibliográficas (p. 39-45). |
| 650 14 - ASIENTO SECUNDARIO DE MATERIA - TERMINO TEMATICO | |
| Término temático o nombre geográfico como elemento de entrada | Cultivo de chachafruto |
| Subdivisión de forma | Guías. |
| 9 (RLIN) | 60714 |
| 650 24 - ASIENTO SECUNDARIO DE MATERIA - TERMINO TEMATICO | |
| Término temático o nombre geográfico como elemento de entrada | Cultivos de cobertura |
| Subdivisión de forma | Guías. |
| 9 (RLIN) | 60715 |
| 650 24 - ASIENTO SECUNDARIO DE MATERIA - TERMINO TEMATICO | |
| Término temático o nombre geográfico como elemento de entrada | Plantas comestibles |
| Subdivisión de forma | Guías. |
| 9 (RLIN) | 60716 |
| 650 24 - ASIENTO SECUNDARIO DE MATERIA - TERMINO TEMATICO | |
| Término temático o nombre geográfico como elemento de entrada | Plantas ornamentales |
| Subdivisión de forma | Guías. |
| 9 (RLIN) | 60717 |
| 700 1# - ASIENTO SECUNDARIO - NOMBRE PERSONAL | |
| Nombre personal | Bernal Malagón, Henry Yesid |
| Término de relación | editor. |
| 9 (RLIN) | 50139 |
| 700 1# - ASIENTO SECUNDARIO - NOMBRE PERSONAL | |
| Nombre personal | Farfán Martínez, Mabel |
| Término de relación | editor. |
| 9 (RLIN) | 60718 |
| 942 ## - ELEMENTOS ADICIONALES (KOHA) | |
| Sistema de clasificación | Dewey Decimal Classification |
| Tipo de ítem | Libro |
| Withdrawn status | Lost status | Sistema de Clasificación | Damaged status | No para préstamo | Colección | Inventariado | Ubicación Permanente | Ubicación actual | Fecha de adquisición | Fuente de Valor | Valor | Total Checkouts | Número topográfico | Inventario / Código de Barras | Date last seen | Ejemplar | Price effective from | Forma de adquisición | Tipo de material |
|---|---|---|---|---|---|---|---|---|---|---|---|---|---|---|---|---|---|---|---|
| Dewey Decimal Classification | General | Inventariado 2017 | Bogotá | Bogotá | 15/10/2004 | Instituto | 39000.00 | LB-633.39 A17g | 002230 | 04/12/2012 | Ej. 1 | 04/12/2012 | Libro |